000
00228nam a22000857a 4500
008
161125b xxu||||| |||| 00| 0 eng d
100
_9
1437
_a
Ramesh. M. S
245
_a
Children key board
260
_a
Bangalore
_b
Sadhana pulication
_c
2001
999
_c
4160
_d
4160